000 00450nam a2200181Ia 4500
005 20240823062923.0
008 240823s9999||||xx |||||||||||||| ||und||
041 _aENGLISH
082 _A621.3 N6
100 _aPrem Kumar N
245 0 _aElectrical Electronics and Computer engineering
250 _a3rd
260 _c1996
_b"Anuradha,Kumbakonam"
500 _aTRANSFERED
650 _aElectrical
_bElectrical
942 _cBK
999 _c237026
_d237026